| 000 -LEADER |
| fixed length control field |
00288nam a22001217a 4500 |
| 008 - FIXED-LENGTH DATA ELEMENTS--GENERAL INFORMATION |
| fixed length control field |
180730b xxu||||| |||| 00| 0 eng d |
| 082 ## - DEWEY DECIMAL CLASSIFICATION NUMBER |
| Classification number |
815.32 |
| 245 ## - TITLE STATEMENT |
| Title |
Marketing plan pro |
| Statement of responsibility, etc |
Palo Alto Software |
| 260 ## - PUBLICATION, DISTRIBUTION, ETC. (IMPRINT) |
| Date of publication, distribution, etc |
2000-2007 |
| 300 ## - PHYSICAL DESCRIPTION |
| Extent |
1 |
| Type of unit |
CD |
| 440 ## - SERIES STATEMENT/ADDED ENTRY--TITLE |
| International Standard Serial Number |
9780132237574 |
| 942 ## - ADDED ENTRY ELEMENTS (KOHA) |
| Source of classification or shelving scheme |
|
| Item type |
Mixed Materials |